| 000 | 00567cam a22002172a 4500 | ||
|---|---|---|---|
| 001 | 008365 | ||
| 003 | AR-FADEU | ||
| 008 | 311216n1985####xxu####################dd | ||
| 020 | _a0-582-51734-6 | ||
| 092 |
_a425 _bC736 |
||
| 245 | _aA COMPREHENSIVE grammar of the english language | ||
| 260 | _aLondon | ||
| 260 | _bLongman | ||
| 260 | _c1985 | ||
| 300 | _ax, 1778 p | ||
| 500 | _aIncludes bibliography -- Inv. 0503. Texto de Sala | ||
| 700 | _aRandolph, Quirk | ||
| 650 | _a/LINGUISTICA/INGLES-GRAMATICA/REVISADO/ | ||
| 546 | _aInglés | ||
| 942 | _cBDGR | ||
| 999 |
_c14173 _d14173 |
||